000 00255nmm a2200085Ia 4500
008 220120s9999||||xx |||||||||||||||||und||
100 _aDigit
245 0 _aTech- productivity tools, open office, Desk time, task coach
260 _aCoorg Institute of Technology
999 _c140099
_d140099